Вечер. Почта. Про слона и другие рассказы для детей

Bibliografski detalji
Glavni autor: Б. С. Житков
Daljnji autori: Н. П. Рудакова (220)
Sažetak:Книга находится в премиум-версии платформы «Русский как иностранный».
Герои рассказов замечательного русского писателя Б.С. Житкова учат юных читателей быть сильными, смелыми, мужественными людьми, не бояться трудностей, помогать тем, кто оказался в сложной ситуации и дорожить дружбой.
Izdano: Москва, Белый город, 2012
Teme:
Online pristup:Перейти к просмотру издания
Format: Elektronički

MARC

LEADER 00000 a2200000 4500
001 RU/ROS-EDU.RU/50435
856 4 |u https://www.ros-edu.ru/book?id=50435  |z Перейти к просмотру издания 
010 |a 978-5-7793-2311-6 
100 |a 20120101d2012 |||y0rusy0250  
105 |a y z 000zy 
101 0 |a rus 
102 |a RU 
200 1 |a Вечер. Почта. Про слона и другие рассказы для детей  |b Электронный ресурс  |f Б. С. Житков  |g сост. Н. П. Рудакова 
700 1 |b Б. С.  |a Житков  |4 070 
702 1 |b Н. П.  |a Рудакова  |4 220 
330 |a Герои рассказов замечательного русского писателя Б.С. Житкова учат юных читателей быть сильными, смелыми, мужественными людьми, не бояться трудностей, помогать тем, кто оказался в сложной ситуации и дорожить дружбой. 
210 |a Москва  |c Белый город  |d 2012 
610 1 |a художественная литература 
610 1 |a проза 
610 1 |a рассказ 
610 1 |a детская литература 
675 |a 82 
686 |a 84  |2 rubbk 
300 |a Книга находится в премиум-версии платформы «Русский как иностранный». 
215 |a 32 с.